| 000 | 00465nam a2200169Ia 4500 | ||
|---|---|---|---|
| 005 | 20241209154705.0 | ||
| 008 | 200919s9999||||xx |||||||||||||| ||und|| | ||
| 020 | _a9788121908597 | ||
| 050 | _aQH308 VER | ||
| 082 |
_a574.5 _bVER-E |
||
| 100 | _aVerma P S. | ||
| 245 | 0 |
_aEnvironmental Biology/ _bprinciples of ecology |
|
| 260 |
_aNew Delhi _bS Chand & Company Limited _c2007 |
||
| 300 |
_avii.591p _bill. _c21.5cm |
||
| 700 | _aAgarwal, V.K. | ||
| 942 |
_2lcc _cBK _n0 |
||
| 999 |
_c2008 _d2008 |
||